| 000 | 00712nam a2200253 a 4500 | ||
|---|---|---|---|
| 008 | |||
| 020 | _a0951043811 (pbk. ) | ||
| 049 | 0 | _aMAIN | |
| 050 | 0 | 0 | _aQC522 DUF |
| 100 | 1 | _aDuffin, W. J. | |
| 245 | 1 | 0 |
_aElectricity and magnetism: _bnew impression / _cW.J. Duffin. |
| 250 | _aNew Impression. | ||
| 260 |
_aCottingham : _bW.J. Duffin Publishing, _c1990. |
||
| 300 |
_axix, 437 p. : _bill. ; _c25 cm. |
||
| 500 | _aIncludes index. | ||
| 504 | _aIncludes bibliographical references. | ||
| 650 | 0 | _aElectricity. | |
| 650 | 0 | _aMagnetism. | |
| 907 |
_a.b10223356 _b17-11-10 _c04-01-07 |
||
| 003 | |||
| 005 | 20230123134314.0 | ||
| 040 | _cNUST | ||
| 942 | _cBOOKS | ||
| 999 |
_c163604 _d163604 |
||